| 000 | 00908nam a22003010a 4500 | ||
|---|---|---|---|
| 001 | PT14209 | ||
| 003 | AR-LpoUNG | ||
| 005 | 20210131232620.0 | ||
| 008 | 191001s1999||||mx |||||||||||||||||spa d | ||
| 020 |
_a9682433797 _c$14 |
||
| 040 |
_aAR-LpoUNG _bspa _cAR-LpoUNG _eaacr |
||
| 041 | _aspa | ||
| 044 | _amx | ||
| 082 | 0 | _a372.004 7 349did | |
| 100 | 1 | _aCastelnuovo, Emma | |
| 245 | 1 | 0 | _aDidáctica de la matemática moderna |
| 250 | _a2§ edición | ||
| 260 |
_aMéxico, D. F. : _bTrillas, _c18 de enero de 1999. |
||
| 300 |
_a210 p. : _bil., gráfs. |
||
| 520 | _aEn esta obra la autora hace un análisis de las corrientes pedagógicas y psicológicas que más han influido en la enseñanza. | ||
| 650 | 4 | _aENSEÑANZA | |
| 650 | 4 | _aMATEMATICAS | |
| 650 | 4 | _aMETODOS PEDAGOGICOS | |
| 650 | 4 | _aPRACTICA PEDAGOGICA | |
| 650 | 4 | _aSISTEMAS DE ENSEÑANZA | |
| 905 | _a14209 | ||
| 942 | _cLSALA | ||
| 999 |
_c16544 _d16544 |
||